Vista normal
Vista MARC
Entrada Personal Name
Número de registros utilizados en: 1
001 - CONTROL NUMBER
- control field: 13600
003 - CONTROL NUMBER IDENTIFIER
- control field: DLC
005 - DATE AND TIME OF LATEST TRANSACTION
- control field: 20221208133555.0
008 - FIXED-LENGTH DATA ELEMENTS
- fixed length control field: 930219n| azannaabn |b aaa
010 ## - LIBRARY OF CONGRESS CONTROL NUMBER
- LC control number: n 93015661
035 ## - SYSTEM CONTROL NUMBER
- System control number: (OCoLC)oca03320456
040 ## - CATALOGING SOURCE
- Original cataloging agency: DLC
- Language of cataloging: spa
- Description conventions: rda
- Transcribing agency: Mx-PuUPA
- Modifying agency: DLC
- Modifying agency: OCl
- Modifying agency: OCoLC
- Modifying agency: DLC
- Modifying agency: WU
- Modifying agency: Mx-PuUPA
046 ## - SPECIAL CODED DATES
- Birth date: 1954
- Source of date scheme: edtf
053 #0 - LC CLASSIFICATION NUMBER
- Classification number element--single number or beginning number of span: PS3557.R3717
100 1# - HEADING--PERSONAL NAME
- Personal name: Green, George Dawes,
- Dates associated with a name: 1654-
370 ## - ASSOCIATED PLACE
- Place of birth: Idaho
- Source of term: naf
374 ## - OCCUPATION
- Occupation: Autores americanos
- Source of term: lcsh
375 ## - GENDER
- Gender: hombre
- Source of term: lcdgt
377 ## - ASSOCIATED LANGUAGE
- Language code: eng
400 1# - SEE FROM TRACING--PERSONAL NAME
- Personal name: Grin, Dzhordzh D.
- Dates associated with a name: 1954-
400 1# - SEE FROM TRACING--PERSONAL NAME
- Personal name: Грин, Джордж Д.
- Dates associated with a name: 1954-
670 ## - SOURCE DATA FOUND
- Source citation: The caveman's valentine, c1994:
- Information found: CIP t.p. (George Dawes Green)
670 ## - SOURCE DATA FOUND
- Source citation: Prysi︠a︡zhnyĭ zasedatelʹ, 1995:
- Information found: t.p. (Dzhordzh D. Grin)
670 ## - SOURCE DATA FOUND
- Source citation: bIOG. resource center, May 7, 2004
- Information found: (George Dawes Green; b. 1954, Idaho)